Statistics for Evanescence Songs

Click here to take the quiz!

General Stats

  • This quiz has been taken 26 times
  • The average score is 27 of 54

Answer Stats

Answer% Correct
Bring Me to Life
100%
Call Me When You're Sober
93%
My Immortal
93%
Going Under
87%
Lithium
87%
My Last Breath
87%
Everybody's Fool
80%
Haunted
80%
Lacrymosa
80%
Tourniquet
80%
Whisper
73%
Good Enough
67%
My Heart is Broken
67%
Sweet Sacrifice
67%
All That I'm Living For
60%
Imaginary
60%
The Only One
60%
Hello
53%
Snow White Queen
53%
Taking Over Me
53%
Better Without You
47%
End of the Dream
47%
Imperfection
47%
Never Go Back
47%
Swimming Home
47%
The In-Between
47%
Use My Voice
47%
Weight of the World
47%
What You Want
47%
Cloud Nine
40%
Lose Control
40%
Lost in Paradise
40%
Made of Stone
40%
Oceans
40%
Overture
40%
The Change
40%
Wasted on You
40%
Your Star
40%
Feeding the Dark
33%
Hi-Lo
33%
Like You
33%
Sick
33%
The Game is Over
33%
The Other Side
33%
Artifact/The Turn
27%
Blind Belief
27%
Broken Pieces Shine
27%
Erase This
27%
Far from Heaven
27%
Secret Door
27%
Take Cover
27%
Part of Me
20%
Unraveling
20%
Yeah Right
20%

Score Distribution

Percentile by Number Answered

Percent of People with Each Score

Your Score History

You have not taken this quiz